[Event "Mechanics' Fall TNM; G/2 d5"]
[Site "San Francisco"]
[Date "2017.11.07"]
[Round "3.38"]
[White "Howell, Keith K"]
[Black "Marquez, Martin"]
[Result "0-1"]
[WhiteElo "1207"]
[BlackElo "1510"]
[PlyCount "94"]
[EventDate "2017.??.??"]

1. e4 d5 2. Nc3 dxe4 3. Nxe4 Bf5 4. d3 Bxe4 5. dxe4 Qxd1+ 6. Kxd1 Nc6 7. Bf4
O-O-O+ 8. Bd3 Nf6 9. Ke2 Nd4+ 10. Ke3 Ng4+ 11. Kd2 Nxf2 12. Nh3 Nxh1 13. Rxh1
f6 14. c3 Nc6 15. Kc2 e5 16. Be3 a6 17. a3 Nb8 18. Bc4 Nd7 19. Rd1 Nc5 20. Rf1
Nxe4 21. Bd3 Nc5 22. Bf5+ Kb8 23. b4 Na4 24. Kb3 Nb6 25. Be4 Nc8 26. Nf2 Nd6
27. Rd1 Nf7 28. Bd5 Nd6 29. Be4 g6 30. Bf3 Bg7 31. c4 Nf5 32. Rxd8+ Rxd8 33.
Bc1 Nd4+ 34. Kb2 {[#]} e4 $1 35. Bxe4 f5 36. Bd3 Ne2+ 37. Kc2 Nxc1 38. Kxc1 Bd4
39. Nd1 Bg1 40. Kc2 Bxh2 41. b5 axb5 42. cxb5 Bf4 43. a4 Rd4 44. Nc3 h5 45. a5
g5 46. Bxf5 Rd2+ 47. Kb3 Rxg2 0-1

[Event "Mechanics' Winter TNM; G/2"]
[Site "San Francisco"]
[Date "2017.02.14"]
[Round "7.1"]
[White "Ismakov, Arthur"]
[Black "Diaz, Conrado"]
[Result "1/2-1/2"]
[WhiteElo "2068"]
[BlackElo "2260"]
[PlyCount "68"]
[EventDate "2017.??.??"]

1. e4 d5 2. exd5 Qxd5 3. Nc3 Qa5 4. d4 Nf6 5. Bc4 c6 6. Qe2 Bf5 7. Nf3 e6 8.
Ne5 Bb4 9. Bd2 Nbd7 10. O-O-O Nxe5 11. dxe5 Nd5 12. Ne4 Bxe4 13. Qxe4 Bxd2+ 14.
Rxd2 O-O-O 15. Rhd1 Rd7 16. Bb3 g6 17. Qh4 Qd8 18. Qe4 Qg5 19. f4 Qf5 20. Qf3
h5 21. Qf2 Rhd8 22. c4 Nxf4 23. Bc2 Rxd2 24. Rxd2 Rxd2 25. Kxd2 Qxe5 26. g3 Nh3
27. Qxf7 Ng5 28. Qe8+ Kc7 29. Qe7+ Kb6 30. Qb4+ Ka6 31. Qa4+ Kb6 32. Qb4+ Kc7
33. Qe7+ Kb6 34. Qb4+ Ka6 1/2-1/2

[Event "Mechanics' Spring TNM; G/2"]
[Site "San Francisco"]
[Date "2017.05.02"]
[Round "8.8"]
[White "Ismakov, Arthur"]
[Black "Kondakov, Adrian"]
[Result "1-0"]
[WhiteElo "2114"]
[BlackElo "1921"]
[PlyCount "119"]
[EventDate "2017.??.??"]

1. e4 c5 2. Bc4 d6 3. f4 Nc6 4. Nf3 Nf6 5. Nc3 e6 6. Qe2 Be7 7. d3 O-O 8. e5
Nd7 9. exd6 Bxd6 10. Ne4 Be7 11. Bd2 a6 12. a4 Na5 13. Ba2 b5 14. Neg5 Nf6 15.
Ne5 h6 16. Ngxf7 Rxf7 17. Nxf7 Kxf7 18. f5 Qb6 19. Bxe6+ Kf8 20. Bxc8 Rxc8 21.
axb5 Nb7 22. bxa6 Ra8 23. O-O Rxa6 24. Rfe1 Ng8 25. f6 Qxf6 26. Bc3 Rxa1 27.
Rxa1 Qc6 28. Qe5 Nf6 29. Qb8+ Nd8 30. Re1 Qd6 31. Qc8 Qd7 32. Qxd7 Nxd7 33.
Bxg7+ Kf7 34. Bxh6 Bf6 35. c3 Nc6 36. h3 Nde5 37. Rd1 Kg6 38. Be3 c4 39. dxc4
Nxc4 40. Bc1 N6a5 41. Rd7 Ne5 42. Rd5 Nb3 43. Bf4 Kf5 44. Bxe5 Bxe5 45. Rb5 Nc1
46. h4 Ke4 47. h5 Ne2+ 48. Kf2 Nf4 49. g4 Nh3+ 50. Ke2 Ng5 51. Rb4+ Kd5 52. Kd3
Ke6 53. Rb6+ Kf7 54. c4 Nh7 55. Rb7+ Kg8 56. Ke4 Bg7 57. Kf5 Bd4 58. g5 Be3 59.
g6 Nf8 60. b4 1-0

[Event "Mechanics' Winter TNM; G/2"]
[Site "San Francisco"]
[Date "2017.01.10"]
[Round "2.20"]
[White "Ismakov, Arthur"]
[Black "MacIntyre, Brendan"]
[Result "1-0"]
[WhiteElo "2068"]
[BlackElo "1502"]
[PlyCount "51"]
[EventDate "2017.??.??"]

1. e4 c5 2. Nf3 Nc6 3. d4 cxd4 4. Nxd4 d6 5. Nc3 g6 6. Be3 Bg7 7. Qd2 Nf6 8. f3
Bd7 9. O-O-O Rc8 10. Kb1 Qa5 11. Nb3 Qd8 12. g4 Ne5 13. g5 Nh5 14. f4 Nc4 15.
Bxc4 Rxc4 16. Qd3 Qc8 17. e5 Nxf4 18. Bxf4 Rxf4 19. exd6 e6 20. Qe3 Rc4 21. h4
Bxc3 22. bxc3 Rxc3 23. Qe5 O-O 24. h5 Rxc2 $4 (24... Qc6 {would have kept
Black in the game as it stops the upcoming sacrifice by covering the h1 square.
}) 25. hxg6 fxg6 {Diagram [#]} 26. Rxh7 $1 1-0

[Event "Mechanics' Spring TNM; G/2"]
[Site "San Francisco"]
[Date "2017.03.21"]
[Round "2.10"]
[White "Ismakov, Arthur"]
[Black "Melville, Cailen"]
[Result "1-0"]
[WhiteElo "2114"]
[BlackElo "1745"]
[PlyCount "73"]
[EventDate "2017.??.??"]

1. e4 e6 2. d4 d5 3. Nc3 dxe4 4. Nxe4 b6 5. Nf3 Bb7 6. Bd3 Nf6 7. Qe2 Nc6 8. c3
Qd7 9. O-O O-O-O 10. Rd1 Nxe4 11. Bxe4 f5 12. Bc2 h6 13. b4 Re8 14. a4 a5 15.
b5 Nd8 16. c4 Bxf3 17. Qxf3 Kb8 18. c5 g5 19. Ra3 Nf7 20. Rc3 Rc8 21. Re3 Bg7
22. d5 $1 Ne5 23. Qe2 exd5 24. Rxe5 Bxe5 25. Qxe5 Rhe8 26. Qxf5 Qxf5 27. Bxf5
Rcd8 28. cxb6 cxb6 29. h4 Re2 30. hxg5 hxg5 31. Bxg5 Rf8 32. g4 Ra2 33. Rxd5
Rxa4 34. Be3 Ra1+ 35. Kg2 a4 36. Bf4+ Kb7 37. Rd7+ 1-0

[Event "Mechanics' Summer TNM; G/2 d5"]
[Site "San Francisco"]
[Date "2017.06.13"]
[Round "4.9"]
[White "Ismakov, Arthur"]
[Black "Ochoa, Jason"]
[Result "1-0"]
[WhiteElo "2169"]
[BlackElo "1800"]
[Annotator "Winslow"]
[PlyCount "65"]
[EventDate "2017.??.??"]

1. d4 Nf6 2. Nf3 g6 3. Bg5 Bg7 4. Nbd2 O-O 5. e4 d6 6. c3 Nbd7 7. Bc4 c5 8. e5
dxe5 9. dxe5 Ng4 10. e6 Nde5 11. exf7+ Kh8 12. Qe2 Bf5 13. O-O Nxc4 14. Qxc4
Qc7 15. h3 Nf6 16. g4 Bd7 17. Rfe1 b5 18. Qf4 Qb7 19. Ne5 Nd5 20. Qg3 Nf6 {
Diagram [#]} 21. Ne4 {(flash!)} (21. Qh4 {
is boringly a bit better acc. to Stockfish 8}) 21... Bf5 {no defense} 22. gxf5
Nh5 23. Qh2 (23. Nxg6+ $1 hxg6 24. Qg4 $1 {is even better, notes the compy})
23... Qd5 24. Nxg6+ (24. Nd2) 24... hxg6 25. fxg6 Qf5 26. Bxe7 Be5 27. Ng3 Bxg3
28. fxg3 Qxg6 29. Bxf8 Rxf8 30. g4 Rxf7 31. Qe5+ Ng7 32. Rf1 Rd7 33. Rad1 1-0

[Event "Mechanics' Spring TNM; G/2"]
[Site "San Francisco"]
[Date "2017.04.11"]
[Round "5.1"]
[White "Ismakov, Arthur"]
[Black "Shaw, Tenzing"]
[Result "1/2-1/2"]
[WhiteElo "2114"]
[BlackElo "2295"]
[PlyCount "58"]
[EventDate "2017.??.??"]

1. e4 e6 2. d4 d5 3. Nc3 Nf6 4. e5 Nfd7 5. f4 c5 6. Nf3 Nc6 7. Be3 a6 8. Qd2 b5
9. dxc5 Bxc5 10. O-O-O Qa5 11. Bxc5 Nxc5 12. Nd4 Bd7 13. Kb1 b4 14. Nce2 Ne4
15. Qe3 Qb6 16. g4 Na5 17. Nc1 O-O 18. Rg1 Rac8 19. Nf5 Qxe3 20. Nxe3 Nc5 21.
Rg2 Rb8 22. Nd3 Nxd3 23. Bxd3 Bb5 24. g5 Bxd3 25. Rxd3 Nb7 26. Nd1 Nc5 27. Rh3
Rfc8 28. Nf2 Nd7 29. Nd3 Nf8 1/2-1/2

[Event "Mechanics' Summer TNM; G/2 d5"]
[Site "San Francisco"]
[Date "2017.07.11"]
[Round "7.3"]
[White "Ismakov, Arthur"]
[Black "Stearman, Josiah P"]
[Result "0-1"]
[WhiteElo "2169"]
[BlackElo "2290"]
[PlyCount "62"]
[EventDate "2017.??.??"]

1. e4 c5 2. Nf3 Nc6 3. d4 cxd4 4. Nxd4 Nf6 5. Nc3 e5 6. Ndb5 d6 7. Bg5 a6 8.
Bxf6 gxf6 9. Na3 b5 10. Nd5 f5 11. c3 Bg7 12. exf5 Bxf5 13. Nc2 O-O 14. Nce3
Be6 15. Bd3 f5 16. Qh5 e4 17. Bc2 Ne7 18. Bb3 Nxd5 19. Nxd5 f4 20. O-O-O a5 21.
Rhe1 a4 22. Rxe4 axb3 23. Rxe6 bxa2 24. Kc2 Rf7 25. Re7 Rxe7 26. Nxe7+ Kf8 27.
Qf5+ Kxe7 28. Re1+ Be5 29. Qxh7+ Ke6 30. Qh3+ Kd5 31. b4 a1=Q 0-1

[Event "Mechanics' Summer TNM; G/2 d5"]
[Site "San Francisco"]
[Date "2017.05.30"]
[Round "2.11"]
[White "Ivanov, Aleksandr"]
[Black "Adkins, Rico"]
[Result "1-0"]
[WhiteElo "2092"]
[BlackElo "1728"]
[PlyCount "63"]
[EventDate "2017.??.??"]

1. d4 c5 2. d5 Nf6 3. c4 e6 4. Nc3 exd5 5. cxd5 d6 6. e4 g6 7. f4 Bg7 8. Bb5+
Nfd7 9. a4 a6 10. Bd3 O-O 11. Nf3 Re8 12. O-O Qc7 13. Re1 c4 14. Bf1 Nf8 15. h3
f5 16. e5 dxe5 17. fxe5 Bxe5 18. Rxe5 Rxe5 19. Qd4 Re8 20. Bh6 b5 21. axb5 Bb7
22. b6 Qd7 23. Bxc4 Rc8 24. Bb3 Ne6 25. dxe6 Qxd4+ 26. Nxd4 Kh8 27. Nd5 Nc6 28.
Nxc6 Rxc6 29. Re1 Rd6 30. e7 Bc6 31. b7 Rb8 32. Bf4 1-0

[Event "Mechanics' Spring TNM; G/2"]
[Site "San Francisco"]
[Date "2017.04.04"]
[Round "4.5"]
[White "Ivanov, Aleksandr"]
[Black "Argo, Guy"]
[Result "1-0"]
[WhiteElo "2092"]
[BlackElo "1974"]
[Annotator "Donaldson"]
[PlyCount "59"]
[EventDate "2017.??.??"]

1. d4 e6 2. c4 f5 3. g3 Nf6 4. Bg2 d6 5. Nc3 Be7 6. Nf3 O-O 7. O-O Qe8 8. Bf4
h6 9. Qc2 g5 10. Bc1 Qg6 11. Nd2 Nc6 12. d5 Nd8 13. dxe6 c6 14. Bh3 Bxe6 15. b3
Qh5 16. Bg2 f4 17. Bb2 Ng4 18. h3 fxg3 19. fxg3 Rxf1+ (19... Ne3 20. Nd5 $3)
20. Nxf1 Ne5 21. g4 $1 Qh4 22. Ne4 h5 23. c5 Ndf7 24. cxd6 Bd8 25. Bd4 hxg4 26.
hxg4 Bb6 27. Rd1 Kg7 28. Nc5 Qxg4 29. Ne3 Qg3 30. Nxe6+ 1-0

[Event "Mechanics' Fall TNM; G/2 d5"]
[Site "San Francisco"]
[Date "2017.10.31"]
[Round "2.10"]
[White "Ivanov, Aleksandr"]
[Black "Ash, Richard D"]
[Result "1-0"]
[WhiteElo "2143"]
[BlackElo "1758"]
[PlyCount "89"]
[EventDate "2017.??.??"]

1. d4 d5 2. c4 e6 3. Nc3 Nf6 4. cxd5 exd5 5. Bg5 c6 6. e3 Nbd7 7. Bd3 Be7 8.
Qc2 O-O 9. Nge2 Re8 10. O-O Nf8 11. f3 h6 12. Bh4 Nh5 13. Bxe7 Qxe7 14. e4 Ng6
15. exd5 Nhf4 16. Bxg6 Nxe2+ 17. Nxe2 Qxe2 18. Bh7+ Kh8 19. Qxe2 Rxe2 20. Be4
f5 21. Bd3 Re3 22. Bc4 b5 23. Bb3 Bd7 24. dxc6 Bxc6 25. d5 Bd7 26. Kf2 f4 27.
Rfe1 Rae8 28. Rxe3 Rxe3 29. Re1 Rxe1 30. Kxe1 Kg8 31. Kd2 Kf8 32. Kd3 Ke7 33.
Ke4 g5 34. Ke5 Bc8 35. Bc2 a5 36. Bd3 b4 37. Bb5 h5 38. d6+ Kd8 39. d7 Bxd7 40.
Bxd7 Kxd7 41. h4 gxh4 42. Kxf4 Ke6 43. Kg5 h3 44. gxh3 Ke5 45. f4+ 1-0

[Event "Mechanics' Peter Grey TNM; G/2 d5"]
[Site "San Francisco"]
[Date "2017.08.15"]
[Round "2.7"]
[White "Ivanov, Aleksandr"]
[Black "Crofts, Jacob"]
[Result "1-0"]
[WhiteElo "2124"]
[BlackElo "1692"]
[PlyCount "69"]
[EventDate "2017.??.??"]

1. d4 Nf6 2. c4 c5 3. d5 b5 4. cxb5 a6 5. bxa6 Bxa6 6. Nc3 g6 7. e4 Bxf1 8.
Kxf1 d6 9. Nf3 Nbd7 10. g3 Bg7 11. Kg2 O-O 12. Qe2 Nb6 13. h4 h5 14. Bf4 Qd7
15. Rac1 Qg4 16. b3 Nfd7 17. Qd2 Ne5 18. Nxe5 Bxe5 19. Bxe5 dxe5 20. Rhe1 Kg7
21. Nb5 Rfc8 22. a4 Qd7 23. Qe3 c4 24. Qxb6 cxb3 25. Rb1 Rcb8 26. Qc6 Qd8 27.
Qc3 Rxa4 28. Rxb3 Ra2 29. Qxe5+ f6 30. Qd4 Qa5 31. Reb1 Rd2 32. Qa7 Rxb5 33.
Qxe7+ Kh6 34. Qxf6 Rb7 35. Qf4+ 1-0

[Event "Mechanics' Summer TNM; G/2 d5"]
[Site "San Francisco"]
[Date "2017.06.27"]
[Round "6.5"]
[White "Ivanov, Aleksandr"]
[Black "Eren, Baran"]
[Result "1/2-1/2"]
[WhiteElo "2092"]
[BlackElo "2260"]
[PlyCount "74"]
[EventDate "2017.??.??"]

1. d4 Nf6 2. c4 c6 3. Nf3 d5 4. e3 Bg4 5. Bd3 e6 6. O-O Nbd7 7. h3 Bh5 8. b3
Ne4 9. Bb2 f5 10. Be2 Bd6 11. Ne1 Bxe2 12. Qxe2 O-O 13. Ba3 Bxa3 14. Nxa3 Rf6
15. Nd3 g5 16. Rfc1 Qe7 17. Nb1 h5 18. Kf1 Qd6 19. Ke1 Qh2 20. Qf1 Re8 21. Nd2
Nxd2 22. Kxd2 Qc7 23. Rc2 dxc4 24. Rxc4 e5 25. dxe5 Nxe5 26. Nxe5 Rxe5 27. Kc2
Rd5 28. Rd1 Rfd6 29. Rxd5 Rxd5 30. Rd4 Qa5 31. Qa1 Rxd4 32. exd4 Qd5 33. f3 g4
34. hxg4 fxg4 35. Qc3 gxf3 36. gxf3 Kg7 37. Qe3 Kg6 {
... time-scramble, score unreadable} 1/2-1/2

[Event "Mechanics' Peter Grey TNM; G/2 d5"]
[Site "San Francisco"]
[Date "2017.09.05"]
[Round "5.3"]
[White "Ivanov, Aleksandr"]
[Black "Fuentes, Romulo C"]
[Result "1-0"]
[WhiteElo "2124"]
[BlackElo "2203"]
[Annotator "Donaldson"]
[PlyCount "55"]
[EventDate "2017.??.??"]

1. d4 Nf6 2. c4 e6 3. Nc3 c5 4. d5 exd5 5. cxd5 Bd6 6. e4 Be5 7. Bd3 O-O 8. Nf3
Bxc3+ 9. bxc3 d6 10. h3 Re8 11. O-O Nbd7 (11... Nxe4 {
offers White a strong initiative for the pawn. For example:} 12. Bxe4 Rxe4 13.
Ng5 Re7 14. Qd3 g6 15. Ne4) 12. Re1 Qc7 13. c4 a6 14. a4 b6 15. Bb2 Bb7 16. Nh4
Ne5 17. f4 Nxd3 18. Qxd3 Nd7 19. Qg3 f6 20. Nf5 g6 21. h4 Kf8 22. Nh6 Re7 23.
h5 Rg7 24. hxg6 Rxg6 25. Qh4 Kg7 26. Nf5+ Kh8 27. Ra3 Rag8 {Diagram [#]} 28.
Qxh7+ $1 1-0

[Event "Mechanics' Summer TNM; G/2 d5"]
[Site "San Francisco"]
[Date "2017.07.11"]
[Round "7.4"]
[White "Ivanov, Aleksandr"]
[Black "Fuentes, Romulo C"]
[Result "0-1"]
[WhiteElo "2092"]
[BlackElo "2206"]
[PlyCount "72"]
[EventDate "2017.??.??"]

1. d4 Nf6 2. c4 e5 3. dxe5 Ng4 4. Bf4 g5 5. Bg3 Bg7 6. Nf3 Nc6 7. e3 Ngxe5 8.
Nc3 d6 9. Be2 Be6 10. Nd5 Nxf3+ 11. Bxf3 Ne5 12. O-O c6 13. Nb4 Bxc4 14. Be2
Bxe2 15. Qxe2 Qe7 16. f4 gxf4 17. exf4 Nd7 18. Qg4 Bd4+ 19. Kh1 h5 20. Qf3 Kf8
21. Rae1 Qf6 22. Nxc6 bxc6 23. Qxc6 Rd8 24. Bh4 Qxh4 25. Qxd6+ Kg7 26. Qxd4+
Nf6 27. Qc3 Rhe8 28. Re5 Qxf4 29. Ree1 Rxe1 30. Qxe1 Qg5 31. h4 Qg4 32. Rf3 Ne4
33. Kg1 Rd2 34. Qf1 Qd7 35. Kh2 Qd6+ 36. Kh3 Rd1 0-1

[Event "Mechanics' Fall TNM; G/2 d5"]
[Site "San Francisco"]
[Date "2017.12.05"]
[Round "7.4"]
[White "Ivanov, Aleksandr"]
[Black "Gomboluudev, Enkhjin"]
[Result "1-0"]
[WhiteElo "2143"]
[BlackElo "1665"]
[Annotator "Donaldson"]
[PlyCount "103"]
[EventDate "2017.??.??"]

1. d4 d5 2. c4 c6 3. Nc3 Nf6 4. Nf3 e6 5. Bg5 Be7 6. e3 Nbd7 7. Qc2 O-O 8. cxd5
exd5 9. Bd3 h6 10. Bh4 (10. Bf4 Re8 (10... Nh5) 11. O-O Nh5 $2 12. Nxd5 $1)
10... Re8 11. O-O b6 $6 (11... Ne4) 12. Rab1 c5 13. Bb5 Bb7 14. Bxf6 Bxf6 15.
Qf5 Re6 16. Nxd5 Rd6 17. Nxf6+ Nxf6 18. dxc5 (18. Rbc1) 18... Be4 19. Qf4 bxc5
20. Rbc1 Rb8 $2 (20... Rd5) 21. Rxc5 a6 22. Bc4 Rxb2 23. Nd4 Rdb6 24. Bb3 Rb1
25. Rxb1 Bxb1 26. Qc7 $1 Qxc7 27. Rxc7 Bg6 28. f3 Rd6 29. Rc8+ Kh7 30. Rc6 Rxc6
31. Nxc6 Nd7 32. Kf2 f6 33. e4 Nc5 34. Bd5 Be8 35. Ke3 g6 36. Kd4 Nd7 37. a4
Kg7 38. a5 Bf7 39. Nb4 Nb8 40. Kc5 Be8 41. Nc6 Nd7+ 42. Kd6 Kf8 43. f4 h5 44.
g3 g5 45. e5 gxf4 46. gxf4 fxe5 47. fxe5 h4 48. Nb4 Nb8 49. e6 Bb5 50. Kc7 Ke7
51. Kxb8 Kd6 52. Kb7 1-0

[Event "Mechanics' Spring TNM; G/2"]
[Site "San Francisco"]
[Date "2017.04.18"]
[Round "6.2"]
[White "Ivanov, Aleksandr"]
[Black "Ismakov, Arthur"]
[Result "1-0"]
[WhiteElo "2092"]
[BlackElo "2114"]
[PlyCount "119"]
[EventDate "2017.??.??"]

1. d4 Nf6 2. Nf3 d5 3. c4 c6 4. e3 g6 5. b3 Bg7 6. Bb2 O-O 7. Bd3 Na6 8. Nbd2
Nb4 9. Bb1 a5 10. O-O Be6 11. a3 Na6 12. Ne5 Ne8 13. f4 Nd6 14. Qe2 f6 15. Nef3
Qd7 16. c5 Nf7 17. h3 Rfe8 18. g4 f5 19. g5 Nxc5 20. h4 Ne4 21. Qh2 Nxd2 22.
Qxd2 Nd6 23. Ne5 Bxe5 24. dxe5 Ne4 25. Qh2 Bf7 26. e6 Qxe6 27. Be5 Nc5 28. Rf3
Nd7 29. Bc3 c5 30. Ba2 b5 31. Raf1 b4 32. Ba1 Qb6 33. Rh3 Qc7 34. h5 gxh5 35.
Rxh5 Bxh5 36. Qxh5 Qd6 37. Bb1 Qg6 38. Qh3 Rf8 39. Qh1 e6 40. Rf2 c4 41. Bd4
Rae8 42. Rh2 e5 43. Rh6 Qg7 44. Qxd5+ Qf7 45. Qg2 Re6 46. fxe5 Nxe5 47. axb4
axb4 48. bxc4 b3 49. c5 Nc6 50. Bf6 Ne7 51. Bd3 Rxf6 52. Rxf6 Qg7 53. Bc4+ Kh8
54. Rxf8+ Qxf8 55. Bxb3 Ng6 56. Qb2+ Qg7 57. Qd4 Ne7 58. Qd8+ Ng8 59. Qxg8+
Qxg8 60. Bxg8 1-0

[Event "Mechanics' Summer TNM; G/2 d5"]
[Site "San Francisco"]
[Date "2017.06.13"]
[Round "4.12"]
[White "Ivanov, Aleksandr"]
[Black "Kuczek, Kevin W"]
[Result "1-0"]
[WhiteElo "2092"]
[BlackElo "1789"]
[PlyCount "69"]
[EventDate "2017.??.??"]

1. d4 Nf6 2. Bf4 e6 3. e3 c5 4. c3 cxd4 5. exd4 d5 6. Nf3 Be7 7. Bd3 O-O 8.
Nbd2 b6 9. Qe2 a5 10. Ne5 Ba6 11. O-O Bxd3 12. Qxd3 Nh5 13. Be3 f6 14. Nef3 Bd6
15. Rae1 Re8 16. Qb5 Nd7 17. c4 f5 18. Bg5 Ndf6 19. cxd5 exd5 20. Rxe8+ Qxe8
21. Qxb6 Qd7 22. Bxf6 gxf6 23. Nb3 Bc7 24. Nc5 Bxb6 25. Nxd7 Ba7 26. Rc1 Nf4
27. Rc7 Nh5 28. h3 f4 29. g4 fxg3 30. fxg3 Nxg3 31. Nxf6+ Kf8 32. Rxh7 Bb8 33.
Ng5 Ne2+ 34. Kf2 Nxd4 35. Rf7# 1-0

[Event "Mechanics' Spring TNM; G/2"]
[Site "San Francisco"]
[Date "2017.03.21"]
[Round "2.19"]
[White "Ivanov, Aleksandr"]
[Black "McEnroe, Glenn"]
[Result "1-0"]
[WhiteElo "2092"]
[BlackElo "1528"]
[PlyCount "55"]
[EventDate "2017.??.??"]

1. d4 Nf6 2. c4 g6 3. Nc3 d5 4. Bg5 e6 5. cxd5 exd5 6. Bxf6 Qxf6 7. Nxd5 Qd6 8.
e4 c6 9. Nc3 Bg7 10. Nge2 O-O 11. Qd2 Be6 12. g3 Bc4 13. Bg2 Bxe2 14. Nxe2 Na6
15. O-O Qb4 16. Rfd1 Rad8 17. Qxb4 Nxb4 18. Rd2 Rd7 19. a3 Na6 20. Bh3 Rd6 21.
Rad1 Rfd8 22. f4 f6 23. b4 Nc7 24. Kf2 Nb5 25. a4 Nc7 26. Ke1 Kf7 27. e5 fxe5
28. fxe5 1-0

[Event "Mechanics' Fall TNM; G/2 d5"]
[Site "San Francisco"]
[Date "2017.11.14"]
[Round "4.3"]
[White "Ivanov, Aleksandr"]
[Black "Sarafian, Greg"]
[Result "1-0"]
[WhiteElo "2143"]
[BlackElo "1939"]
[PlyCount "63"]
[EventDate "2017.??.??"]

1. d4 Nf6 2. c4 e6 3. Nc3 Bb4 4. e3 O-O 5. Nf3 d5 6. Bd3 c5 7. O-O Nc6 8. a3
Ba5 9. Ne2 cxd4 10. exd4 dxc4 11. Bxc4 h6 12. b4 Bc7 13. Bb2 b6 14. Qb3 Ne7 15.
Rad1 Bb7 16. Ne5 Bd5 17. Bxd5 Nfxd5 18. Ng3 Bxe5 19. dxe5 Rc8 20. Ne4 Ng6 21.
f4 Qh4 22. Nd6 Rcd8 23. f5 Ngf4 24. Rd2 Qg5 25. Bc1 Qh4 26. Kh1 Nh5 27. Rdf2
Nhf6 28. exf6 Rxd6 29. fxg7 Kxg7 30. f6+ Kh7 31. Qd3+ Kh8 32. Rf3 1-0

[Event "Mechanics' Spring TNM; G/2"]
[Site "San Francisco"]
[Date "2017.04.25"]
[Round "7.1"]
[White "Ivanov, Aleksandr"]
[Black "Shaw, Tenzing"]
[Result "0-1"]
[WhiteElo "2092"]
[BlackElo "2295"]
[PlyCount "83"]
[EventDate "2017.??.??"]

1. d4 Nf6 2. c4 e6 3. Nf3 Bb4+ 4. Bd2 Qe7 5. e3 Nc6 6. Nc3 Bxc3 7. Bxc3 Ne4 8.
Bd3 Nxc3 9. bxc3 O-O 10. h4 f5 11. Ng5 d6 12. c5 dxc5 13. f4 h6 14. Nf3 b6 15.
h5 Bb7 16. Nh4 Qd6 17. Ng6 Rfd8 18. Qe2 Ne7 19. Ne5 Nd5 20. Rc1 Rac8 21. Rg1
cxd4 22. cxd4 c5 23. dxc5 Rxc5 24. Kf2 Rdc8 25. Rxc5 Qxc5 26. Qf3 Rc7 27. Qg3
Nf6 28. Qg6 Bd5 29. Rd1 Qe7 30. g4 Nxg4+ 31. Nxg4 Qh4+ 32. Kf1 Qxg4 33. Be2
Qxg6 34. hxg6 Kf8 35. a3 Ke7 36. Bb5 Rc3 37. a4 h5 38. Kf2 h4 39. Rd2 h3 40.
Kg3 Rxe3+ 41. Kh2 Rc3 42. a5 0-1

[Event "Mechanics' Peter Grey TNM; G/2 d5"]
[Site "San Francisco"]
[Date "2017.09.19"]
[Round "7.2"]
[White "Ivanov, Aleksandr"]
[Black "Traub, Igor"]
[Result "1/2-1/2"]
[WhiteElo "2124"]
[BlackElo "2163"]
[PlyCount "64"]
[EventDate "2017.??.??"]

1. d4 Nf6 2. c4 e6 3. Nc3 d5 4. cxd5 exd5 5. Bg5 Be7 6. Qc2 O-O 7. e3 Bg4 8.
Bd3 h6 9. Bh4 c5 10. dxc5 Nbd7 11. Nge2 Nxc5 12. O-O Nxd3 13. Qxd3 Bxe2 14.
Nxe2 Qb6 15. Nd4 g6 16. Rfd1 Rac8 17. h3 Rfe8 18. b3 Ne4 19. Bxe7 Rxe7 20. Rac1
Rec7 21. Rxc7 Rxc7 22. Ne2 Qf6 23. f3 Nc3 24. Rd2 Nxe2+ 25. Qxe2 Rc1+ 26. Rd1
Qa1 27. Rxc1 Qxc1+ 28. Kh2 Qc7+ 29. g3 Qe5 30. Qd2 b6 31. Kg2 h5 32. h4 f6
1/2-1/2

[Event "Mechanics' Fall TNM; G/2 d5"]
[Site "San Francisco"]
[Date "2017.12.19"]
[Round "9.1"]
[White "Ivanov, Aleksandr"]
[Black "Whitehead, Paul"]
[Result "1-0"]
[WhiteElo "2143"]
[BlackElo "2352"]
[Annotator "Donaldson"]
[PlyCount "67"]
[EventDate "2017.??.??"]

1. d4 d6 2. Nf3 Bg4 3. c4 Nf6 4. Nc3 c6 5. e4 Nbd7 6. Be2 e5 7. O-O Be7 8. Be3
O-O 9. Nd2 Bxe2 10. Qxe2 exd4 11. Bxd4 Re8 12. f4 Nf8 13. Qf3 Qa5 14. g4 N6d7
15. g5 a6 16. a3 b5 17. b4 Qd8 18. Kh1 Nb6 19. Rf2 Nxc4 20. Nxc4 bxc4 21. Rg1
Ne6 22. Be3 f6 (22... a5 23. b5 cxb5 24. Nxb5 Rb8 25. a4 Nc7) 23. h4 Qd7 24. f5
Nc7 25. Bd4 Rf8 26. Qh5 Nb5 27. Nxb5 axb5 28. g6 h6 29. Be3 Rfb8 {Diagram [#]}
(29... Rfe8 30. Bxh6 gxh6 31. g7 Qa7 32. Rf3 $1 {wins.} (32. Qxh6 Qxf2 33. Qh8+
Kf7 34. g8=Q+ Rxg8 35. Qh7+ Ke8 36. Rxg8+ Bf8 37. Qh5+ Ke7 38. Qh7+ Ke8 39.
Qh5+ $11)) 30. Bxh6 $1 gxh6 31. g7 Bd8 (31... Qa7 32. Rf3 $1 {wins again.}) 32.
Qxh6 Bb6 33. Qh8+ Kf7 34. g8=Q+ 1-0

[Event "Mechanics' Fall TNM; G/2 d5"]
[Site "San Francisco"]
[Date "2017.11.21"]
[Round "5.33"]
[White "James, Charles"]
[Black "Campers Jr, Willie"]
[Result "0-1"]
[WhiteElo "1401"]
[BlackElo "1628"]
[PlyCount "96"]
[EventDate "2017.??.??"]

1. d4 d5 2. c4 e6 3. Nc3 c6 4. cxd5 exd5 5. Nf3 Nf6 6. Bg5 Be7 7. Qc2 Bg4 8. e3
Nbd7 9. Bd3 h6 10. Bh4 g5 11. Bg3 Bxf3 12. gxf3 Nh5 13. O-O-O Nxg3 14. fxg3 Qa5
15. e4 Nf6 16. e5 Nd7 17. Kb1 O-O-O 18. Bf5 Kb8 19. Rhe1 Nb6 20. Bd3 Bb4 21.
Rc1 Nc4 22. Bxc4 dxc4 23. Re4 Qb6 24. Rd1 Bxc3 25. Qxc3 Qb5 26. f4 Rd5 27. f5
Rhd8 28. g4 Qa4 29. Rd2 b5 30. Qa3 Qxa3 31. bxa3 c5 32. e6 fxe6 33. fxe6 Re8
34. e7 cxd4 35. Rf2 Kc7 36. Rf8 Kd7 37. Rf7 d3 38. Kc1 d2+ 39. Kd1 c3 40. Rf1
Rxe7 41. Rxe7+ Kxe7 42. Kc2 Ke6 43. Rd1 Rc5 44. h3 Ke5 45. Rf1 Ke4 46. Rf8 Ke3
47. Re8+ Kf3 48. Rh8 Rd5 0-1

[Event "Mechanics' Peter Grey TNM; G/2 d5"]
[Site "San Francisco"]
[Date "2017.10.03"]
[Round "9.21"]
[White "James, Charles"]
[Black "Campers Jr, Willie"]
[Result "0-1"]
[WhiteElo "1382"]
[BlackElo "1651"]
[PlyCount "58"]
[EventDate "2017.??.??"]

1. d4 d5 2. c4 e6 3. Nc3 c6 4. cxd5 exd5 5. Qc2 Nf6 6. Bg5 Be7 7. e3 Nbd7 8.
Bd3 h6 9. Bh4 O-O 10. f3 Re8 11. e4 Nh5 12. Bxe7 Qxe7 13. Nge2 dxe4 14. Nxe4
Ndf6 15. O-O Nd5 16. Qd2 f5 17. N4g3 Nxg3 18. Nxg3 Ne3 19. Rfe1 f4 20. Ne4 Be6
21. b3 Rad8 22. Qc3 Bd5 23. Re2 Qf7 24. Rae1 Kh8 25. Nd2 Rf8 26. Nc4 Bxc4 27.
bxc4 Qf6 28. Qb3 Qxd4 29. Be4 Nc2+ 0-1

[Event "Mechanics' Peter Grey TNM; G/2 d5"]
[Site "San Francisco"]
[Date "2017.08.08"]
[Round "1.21"]
[White "James, Charles"]
[Black "Clemens, Kristian"]
[Result "0-1"]
[WhiteElo "1382"]
[BlackElo "1902"]
[PlyCount "76"]
[EventDate "2017.??.??"]

1. d4 d5 2. c4 e6 3. Nc3 Be7 4. Bf4 Nf6 5. Qc2 O-O 6. e3 Nbd7 7. Bd3 dxc4 8.
Bxc4 Nb6 9. Bd3 h6 10. h3 Nbd5 11. Bh2 Nb4 12. Qe2 Nxd3+ 13. Qxd3 c5 14. Nf3
cxd4 15. exd4 b6 16. O-O Bb7 17. Ne5 Nd5 18. a3 Rc8 19. Rac1 Bg5 20. f4 Bf6 21.
Ne4 Be7 22. g4 Nf6 23. Ng3 Qd5 24. Qd2 Ne4 25. Nxe4 Rxc1 26. Qxc1 Qxd4+ 27. Nf2
Qd5 28. Ne4 Qxe4 29. Rf3 Bc5+ 30. Kg2 Qe2+ 31. Kg3 Bxf3 32. Bg1 Qg2+ 33. Kh4
Be7+ 34. g5 hxg5+ 35. fxg5 f6 36. Nxf3 Qxf3 37. Be3 fxg5+ 38. Bxg5 Rf4+ 0-1

[Event "Mechanics' Spring TNM; G/2"]
[Site "San Francisco"]
[Date "2017.04.04"]
[Round "4.35"]
[White "James, Charles"]
[Black "Dupree, Charles"]
[Result "1-0"]
[WhiteElo "1435"]
[BlackElo "1636"]
[PlyCount "51"]
[EventDate "2017.??.??"]

1. d4 Nf6 2. c4 e6 3. Nc3 Bb4 4. Qc2 Qe7 5. a3 Bxc3+ 6. Qxc3 d6 7. Qc2 Nbd7 8.
e4 O-O 9. Nf3 e5 10. Bd3 exd4 11. Nxd4 Nxe4 12. O-O Nef6 13. Bg5 h6 14. Nf5 Qd8
15. Bh4 Ne5 16. Be4 Ng6 17. Nxh6+ Kh8 18. Nxf7+ Rxf7 19. Bxg6 Re7 20. Qc3 Qf8
21. f4 Re2 22. f5 Re4 23. Qh3 Kg8 24. Bxf6 Qxf6 25. Qh7+ Kf8 26. Qh8+ 1-0